000 00293nam a22001337a 4500
008 181203b xxu||||| |||| 00| 0 eng d
020 _a9780077702519
041 _aeng
080 _210th
_a336
100 _a56
101 _aFIN
245 _aPersonal Finance
_cKapoor,J.R
942 _2udc
_cBK
999 _c52737
_d52737